Návšteva atómky Z pobytu delegácie sovietskych odborov

Bibliographic Details
Main Author: (mp) (Author)
Format: Article
Language:Slovak
Subjects:

MARC

LEADER 00000nab a2200000 a 4500
001 vtls000090306
003 SK-MaSNL
005 20260303032236.0
008 190109c1981 xo 0 slo
015 |a SNBRB19rr/mm-uuuuu 
035 |a CL0100409 
040 |a SNKBUCL  |b slo  |c SNKBUCL  |e AACR2 
041 0 |a slo 
044 |a xo  |c SK 
080 |a 331.88(437)  |2 1981 
080 |a 331.88(100)  |2 1981 
100 1 |a (mp)  |4 aut  |9 841174 
245 1 0 |a Návšteva atómky  |b Z pobytu delegácie sovietskych odborov  |c (mp) 
610 2 7 |a Revolučné odborové hnutie.  |b Ústredná rada odborov  |2 snkbucl  |9 180099 
650 0 7 |a odbory  |2 snkbucl  |9 2328 
651 7 |a Sovietsky zväz  |2 snkbucl  |9 22126 
655 7 |a články z novín a časopisov  |2 snkbucl  |9 267496 
773 0 |t Práca  |g Roč. 36, č. 167 (17. 7. 1981), s. 1 
850 |a Slovenská národná knižnica v Martine  |a MTA001 
852 |a SNK  |b KIS3GCP 
958 |a RK 
992 |a RBX 
999 |c 1663191  |d 1665121